000 00369nam a2200145Ia 4500
008 240624s9999 xx 000 0 und d
041 _aeng
082 _a658.7 CHO
100 _aCHOPRA SUNIL
245 _aSUPPLY CHAIN MANAGEMENT STRATEGY PLANNIN
250 _a(6th ed.)
260 _c2016
_aNew Delhi
_bPearson
300 _axix, : 569 : p. : cm. ; 25
365 _cRS
999 _c28010
_d28010